Biệt động Sài Gòn
Gardado en:
| Autor Principal: | |
|---|---|
| Formato: | Libro |
| Idioma: | Undetermined |
| Publicado: |
Tp. HCM
Trẻ
1999
|
| Những chủ đề: | |
| Các nhãn: |
Engadir etiqueta
Sen Etiquetas, Sexa o primeiro en etiquetar este rexistro!
|
| Thư viện lưu trữ: | Trung tâm Học liệu Trường Đại học Cần Thơ |
|---|
| LEADER | 00492nam a2200169Ia 4500 | ||
|---|---|---|---|
| 001 | CTU_30716 | ||
| 008 | 210402s9999 xx 000 0 und d | ||
| 082 | |a 895.922334 | ||
| 082 | |b H513 | ||
| 100 | |a Nguyễn Đức Hùng | ||
| 245 | 0 | |a Biệt động Sài Gòn | |
| 245 | 0 | |c Nguyễn Đức Hùng, Tư Chu | |
| 260 | |a Tp. HCM | ||
| 260 | |b Trẻ | ||
| 260 | |c 1999 | ||
| 650 | |a vietnamese fiction - 20th century | ||
| 980 | |a Trung tâm Học liệu Trường Đại học Cần Thơ | ||